Statistics for Top Turkey Countries

Click here to take the quiz!

General Stats

  • This quiz has been taken 19 times
  • The average score is 9 of 15

Answer Stats

Turkeys
(thousands)
Country% Correct
18.3France
94%
8.7Russia
94%
229.0United States
94%
5.7Canada
83%
3.8Mexico
83%
4.5Turkey
83%
3.9United Kingdom
83%
34.6Brazil
67%
3.0Argentina
61%
33.1Chile
56%
15.6Poland
44%
3.4Egypt
28%
2.9Israel
17%
14.3Morocco
6%
12.4Tunisia
6%

Score Distribution

Percentile by Number Answered

Percent of People with Each Score

Your Score History

You have not taken this quiz